[Event "AUTO-ELITE-07"]
[Site "http://www.queenalice.com/game.php?id=51951"]
[Date "2006.2.9"]
[Round "2"]
[White "arb"]
[Black "Nemesis"]
[Result "1-0"]
[WhiteElo "2311"]
[BlackElo "2170"]

1. e4 d6 2. d4 Nf6 3. Nc3 e5 4. Nf3 Nbd7 5. g4 Nxg4 6. Rg1 Ngf6 7. Bc4 h6 8. Be3
c6 9. dxe5 dxe5 10. Qd3 Qe7 11. O-O-O g6 12. a3 a6 13. Nh4 b5 14. Bxf7+ Qxf7 15.
Nxg6 Rg8 16. Nxe5 Qe6 17. Ng6 a5 18. e5 Ng4 19. Nxf8 Rxf8 20. f4 b4 21. Ne4 h5
22. Bc5 Ba6 23. Qd4 Qd5 24. Bxf8 Qxd4 25. Rxd4 Nxf8 26. h3 Ne6 27. Rd2 Nxf4 28.
hxg4 Ne2+ 29. Rxe2 1-0

[Event "AUTO-ELITE-07"]
[Site "http://www.queenalice.com/game.php?id=51952"]
[Date "2006.2.9"]
[Round "2"]
[White "Nemesis"]
[Black "arb"]
[Result "0-1"]
[WhiteElo "2178"]
[BlackElo "2303"]

1. d4 d5 2. e4 dxe4 3. Nc3 Nf6 4. f3 c6 5. fxe4 e5 6. dxe5 Qxd1+ 7. Nxd1 Nxe4 8.
Nf3 Be6 9. Be3 Nd7 10. Bd3 Nec5 11. Nf2 Be7 12. O-O Nxd3 13. Nxd3 O-O 14. Rad1
Bf5 15. h3 Rfe8 16. g4 Be4 17. Nf2 Bxf3 18. Rxd7 c5 19. g5 Bc6 20. Rd2 Rad8 21.
c4 Rxd2 22. Bxd2 b6 23. b3 Bd8 24. Re1 Bc7 25. a3 Bxe5 26. Nd3 Bd4+ 0-1

[Event "AUTO-ELITE-07"]
[Site "http://www.queenalice.com/game.php?id=51953"]
[Date "2006.2.9"]
[Round "2"]
[White "Brandon"]
[Black "Nemesis"]
[Result "1-0"]
[WhiteElo "2139"]
[BlackElo "2241"]

1. e4 d6 2. d4 g6 3. c4 Bg7 4. Nc3 e5 5. Nf3 Nc6 6. Bg5 f6 7. Be3 Nh6 8. dxe5
dxe5 9. Qxd8+ Kxd8 10. Nd5 Ng4 11. Bd2 Nxf2 12. Kxf2 Bd7 13. b4 Nd4 14. Nxd4
exd4 15. b5 Rc8 16. Rb1 Rf8 17. Bd3 c6 18. bxc6 Bxc6 19. Rhf1 b6 20. a4 Rf7 21.
a5 bxa5 22. Bxa5+ Kd7 23. Kg1 Bh6 24. Nxf6+ Ke6 25. Nd5 Rcf8 26. Rxf7 Rxf7 27.
Ra1 Be3+ 28. Nxe3 dxe3 29. Re1 Rf2 30. c5 Kd7 31. Rxe3 Ra2 32. Bc3 Ra4 33. Rh3
h5 34. e5 Rg4 35. Rg3 Rxg3 36. hxg3 Ke6 37. Bxg6 1-0

[Event "AUTO-ELITE-07"]
[Site "http://www.queenalice.com/game.php?id=51954"]
[Date "2006.2.9"]
[Round "2"]
[White "Nemesis"]
[Black "Brandon"]
[Result "1-0"]
[WhiteElo "1973"]
[BlackElo "2294"]

1. d4 Nf6 2. Bg5 Ne4 3. Bf4 c5 4. f3 Qa5+ 5. c3 Nf6 6. d5 Qb6 7. Bc1 e6 8. c4
exd5 9. cxd5 c4 10. e3 Bc5 11. Bxc4 Qb4+ 12. Nd2 Bxe3 13. Qb3 Bc5 14. Qxb4 Bxb4
15. a3 Bd6 16. Ne2 O-O 17. Nc3 Re8+ 18. Kd1 Be5 19. Re1 d6 20. Nb5 Na6 21. g3
Nc5 22. Nc7 Bd7 23. Rb1 b5 24. Bf1 Rec8 25. Nxa8 Rxa8 26. Ne4 Bf5 27. Nxc5 Bxb1
28. Bxb5 Ba2 29. Bc6 Rc8 30. b3 dxc5 31. Rxe5 Bxb3+ 32. Ke1 Rd8 33. Bg5 Rd6 34.
Bxf6 gxf6 35. Rf5 Bc2 36. Rh5 c4 37. Kd2 Bg6 38. Rh4 Bd3 39. Kc3 a6 40. a4 Kg7
41. a5 f5 42. Kd4 Kg6 43. Bb7 Kg7 44. Bc8 Rf6 45. Rf4 h5 46. g4 Rh6 47. Bxf5
hxg4 48. fxg4 Rxh2 49. Bxd3 cxd3 50. Kxd3 Ra2 51. d6 Kf8 52. d7 Ke7 53. Rxf7+
Kd8 54. g5 Rg2 55. Rg7 Rg4 56. Ke3 Ra4 57. Kf3 Rxa5 58. Kg4 Ra4+ 59. Kf5 Ra2 60.
g6 Rf2+ 61. Ke6 Re2+ 62. Kd6 Rd2+ 63. Kc6 Rc2+ 64. Kb6 Rb2+ 65. Kxa6 Rb6+ 66.
Ka5 Rf6 67. Rg8+ Kxd7 68. g7 Rg6 69. Ra8 Ke7 70. g8=Q Rxg8 71. Rxg8 Kd6 72. Rg5
Kc6 73. Kb4 Kb6 74. Rc5 1-0

[Event "Challenge"]
[Site "http://www.queenalice.com/game.php?id=63800"]
[Date "2006.4.17"]
[Round "-"]
[White "whitleon"]
[Black "Nemesis"]
[Result "0-1"]
[WhiteElo "1806"]
[BlackElo "2240"]

1. c4 Nf6 2. b4 e5 3. Bb2 Bxb4 4. Bxe5 O-O 5. Nf3 Nc6 6. Bb2 d5 7. cxd5 Nxd5 8.
e3 Re8 9. Be2 Bf5 10. O-O Qd7 11. d4 Rad8 0-1

[Event "Challenge"]
[Site "http://www.queenalice.com/game.php?id=67193"]
[Date "2006.5.6"]
[Round "-"]
[White "federal"]
[Black "Nemesis"]
[Result "0-1"]
[WhiteElo "1446"]
[BlackElo "2232"]

1. e3 d5 2. d4 Nf6 3. b3 Bf5 4. Qf3 Bxc2 5. Na3 Bg6 6. Bd2 e6 7. Nb5 c6 8. Nc3
Ba3 9. Na4 Nbd7 10. b4 Ne4 11. g3 Nxd2 12. Kxd2 Bxb4+ 13. Kd1 Qa5 14. Nb2 Nf6
15. Nh3 Be1 16. Qe2 Bh5 17. f3 Bxf3 18. Nd3 Qd2# 0-1

[Event "AUTO-ELITE-10"]
[Site "http://www.queenalice.com/game.php?id=69731"]
[Date "2006.5.17"]
[Round "2"]
[White "dnptrs"]
[Black "Nemesis"]
[Result "1-0"]
[WhiteElo "1973"]
[BlackElo "2148"]

1. d4 Nf6 2. Nf3 e6 3. e3 b6 4. c4 Bb7 5. Be2 c5 6. Nc3 d5 7. O-O dxc4 8. Bxc4
a6 9. Be2 Nfd7 10. a3 Qc7 11. Bd2 Bd6 12. h3 O-O 13. Rc1 Rd8 14. dxc5 bxc5 15.
Qc2 Nf6 16. Na4 Be4 17. Qc3 Qc6 18. Nxc5 Bxc5 19. Qxc5 Qe8 20. Ba5 Rd5 21. Qc3
Nc6 22. Qxc6 Qxc6 23. Rxc6 Rxa5 24. Rc3 Nd5 25. Rcc1 Bxf3 26. Bxf3 Kf8 27. Rc2
Rb8 28. Rfc1 Ke7 29. Bxd5 Rxd5 30. Rc7+ Rd7 31. b4 Rb5 32. R1c4 Rd5 33. R4c6 a5
34. Rxd7+ Kxd7 35. Rb6 1-0

[Event "AUTO-ELITE-10"]
[Site "http://www.queenalice.com/game.php?id=69732"]
[Date "2006.5.17"]
[Round "2"]
[White "Nemesis"]
[Black "dnptrs"]
[Result "1-0"]
[WhiteElo "2226"]
[BlackElo "2018"]

1. e4 c5 2. d4 cxd4 3. c3 dxc3 4. Nxc3 g6 5. Bc4 Bg7 6. Qb3 e6 7. Nb5 Nc6 8. Bf4
Ne5 9. Nf3 f6 10. Rd1 Nxc4 11. Qxc4 1-0

[Event "AUTO-OPEN-100"]
[Site "http://www.queenalice.com/game.php?id=73189"]
[Date "2006.5.31"]
[Round "3"]
[White "Nemesis"]
[Black "markus765432"]
[Result "1/2-1/2"]
[WhiteElo "2198"]
[BlackElo "1970"]

1. e4 c6 2. d4 d5 3. Nc3 dxe4 4. Nxe4 Bf5 5. Ng3 Bg6 6. h4 h6 7. Nf3 Nd7 8. h5
Bh7 9. Bd3 Bxd3 10. Qxd3 e6 11. Bf4 Ngf6 12. O-O-O Qa5 13. Kb1 O-O-O 14. Qe2 Nd5
15. Bd2 Qb6 16. c4 N5f6 17. Ne5 Nxe5 18. dxe5 Nd7 19. f4 Be7 20. Ne4 Nc5 21. Be3
Qa5 22. Bxc5 Bxc5 1/2-1/2

[Event "AUTO-OPEN-100"]
[Site "http://www.queenalice.com/game.php?id=73190"]
[Date "2006.5.31"]
[Round "3"]
[White "markus765432"]
[Black "Nemesis"]
[Result "1-0"]
[WhiteElo "1939"]
[BlackElo "2218"]

1. d4 d5 2. c4 c6 3. e3 Nf6 4. Nc3 e6 5. Nf3 Nbd7 6. Bd3 dxc4 7. Bxc4 b5 8. Bd3
Bb7 9. Bd2 a6 10. Rc1 c5 11. O-O Bd6 12. e4 cxd4 13. Nxd4 O-O 14. a3 Ne5 15. Bb1
Nc4 16. Qc2 Qb8 17. Bg5 Bxh2+ 18. Kh1 Bf4 19. Bxf6 Bxc1 20. e5 gxf6 21. Qxh7#
1-0

[Event "AUTO-ELITE-09"]
[Site "http://www.queenalice.com/game.php?id=77246"]
[Date "2006.6.16"]
[Round "2"]
[White "Nemesis"]
[Black "Alsina"]
[Result "0-1"]
[WhiteElo "2184"]
[BlackElo "2372"]

1. e4 c6 2. d4 d5 3. Nc3 dxe4 4. Nxe4 Bf5 5. Ng3 Bg6 6. h4 h6 7. Nf3 Nd7 8. h5
Bh7 9. Bd3 Bxd3 10. Qxd3 e6 11. Bf4 Ngf6 12. O-O-O Be7 13. Ne5 O-O 14. Ne2 Qa5
15. Nxd7 Nxd7 16. Kb1 Rfe8 17. Qg3 Bg5 18. Bc7 Qf5 19. Be5 Bf6 20. f4 c5 21. Qf3
cxd4 0-1

[Event "AUTO-ELITE-09"]
[Site "http://www.queenalice.com/game.php?id=77247"]
[Date "2006.6.16"]
[Round "2"]
[White "Alsina"]
[Black "Nemesis"]
[Result "1-0"]
[WhiteElo "2365"]
[BlackElo "2191"]

1. d4 d5 2. c4 c6 3. Nf3 Nf6 4. Nc3 dxc4 5. a4 Bf5 6. Ne5 Nbd7 7. Nxc4 Qc7 8. g3
e5 9. dxe5 Nxe5 10. Bf4 Rd8 11. Qc1 Bd6 12. Nxd6+ Qxd6 13. Bg2 Qe7 14. O-O a6
15. b4 Ng6 16. e4 Nxf4 17. Qxf4 Be6 18. b5 O-O 19. Rfd1 Qc5 20. Rac1 Rxd1+ 21.
Nxd1 1-0

[Event "AUTO-ELITE-09"]
[Site "http://www.queenalice.com/game.php?id=77248"]
[Date "2006.6.16"]
[Round "2"]
[White "Nemesis"]
[Black "csparrow"]
[Result "0-1"]
[WhiteElo "2155"]
[BlackElo "2326"]

1. e4 c5 2. d4 cxd4 3. c3 Nf6 4. e5 Nd5 5. Nf3 Nc6 6. Bc4 Nb6 7. Bb3 d5 8. exd6
Qxd6 9. O-O Be6 10. Bxe6 Qxe6 11. Nxd4 Nxd4 12. Qxd4 Rd8 13. Qf4 g6 14. Nd2 Bg7
15. Nf3 O-O 16. Re1 Qc6 17. Be3 Nd5 18. Qe4 Rd6 19. Bxa7 f5 20. Qe2 b6 21. Rad1
Qb7 22. Qb5 e6 23. Qb3 Rc6 0-1

[Event "AUTO-ELITE-09"]
[Site "http://www.queenalice.com/game.php?id=77249"]
[Date "2006.6.16"]
[Round "2"]
[White "csparrow"]
[Black "Nemesis"]
[Result "1-0"]
[WhiteElo "2319"]
[BlackElo "2162"]

1. Nf3 Nf6 2. d4 e6 3. c4 b6 4. a3 Bb7 5. Nc3 d5 6. cxd5 Nxd5 7. Qc2 Be7 8. Bd2
O-O 9. e4 Nxc3 10. Bxc3 Nd7 11. Rd1 Qe8 12. Bd3 f5 13. O-O Nf6 14. Ng5 fxe4 15.
Nxe4 Qh5 16. Ng3 Qh4 17. Bc4 Bd5 18. Bxd5 Nxd5 19. Rfe1 Qf6 20. Rd3 Qg6 21. Bd2
Bd6 22. Ne4 Rf5 23. Qc4 1-0